000 00404nam a22001697a 4500
003 OSt
005 20211012152419.0
008 211012b |||||||| |||| 00| 0 eng d
020 _a0-8016-6471-3
040 _aDDC
_cHU
082 _21ST
_a611
_b1
100 _aLINDSAY DEVID T.
_912949
245 _aFUNCTIONAL HUMAN ANATOMT
250 _a1ST
260 _aST.LOUIS
_bMOSBY
_c1996
942 _2ddc
_cBOOKS
_n0
999 _c12025
_d12025